LEADER 01031nam a2200241 u 4500 001 000000037263 003 CaOOAMICUS 005 20070226113739.0 008 980406s1985 sp u000 u spa u 020 $a8486425018 035 $a10789154 040 $aPUL(R)$bita 100 1 $aAndrés, D. J.,$dC.M.F.$0(OLS)http://pul/name/27777 245 14$aLos superiores religiosos según el codigo :$bguía de súbditos y de superiores /$cDomingo J. Andrés, CMF. 260 $aMadrid :$b[s.n.],$c1985. 300 $a225 p. ;$c21 cm 650 4$aOrdini religiosi.$0(OLS)http://pul/subject/1696 850 $aPUL 852 $aPUL$W1$xSL Diritto Canonico 3$y77$m262. 99 CAN.2 36$j50937$nBK-PRI$b $qDDC 21$B50937$CPULBib$Z2$F50937 $H65673 $81 941 1 $a9 996 $6020$a8486425018$9(OLS)http://pul/number/46635 996 $6245$aLos superiores religiosos según el codigo :$bguía de súbditos y de superiores$9(OLS)http://pul/title/50770 996 $6260$aMadrid :$b[s.n.]$9(OLS)http://pul/publisher/49535 LEADER 01271nam a2200289 u 4500 001 000000053528 003 CaOOAMICUS 005 20070226115554.0 008 001116s2000 it u000 u ita u 035 $a10861520 040 $aPUL$bita$dPUL(R) 100 1 $aSantini, Alceste.$0(OLS)http://pul/name/36254 245 10$aCon Giovanni Paolo II per le vie del mondo :$bla nuova geografia del papato /$cAlceste Santini. 260 $aSoveria Mannelli :$bRubbettino,$cc2000. 300 $a447 p. ;$c24 cm 504 $aBibliografia in nota. 600 04$aIohannes Paulus PP.$bII,$cs.,$d1920-2005.$0(OLS)http://pul/subject/1393 850 $aPUL 852 $aPUL$W1$xSL Filosofia 1$y2$m112(1) F 57$j70611$nBK-PRI$b $qStampati$B70611$CPULBib$Z2$F70611 $H $81 941 1 $a8 960 $aPapi (1978-2005 : Iohannes Paulus PP. II)$91393 960 $aPapi (1978-2005 : Iohannes Paulus PP. II)$91393 960 $aWojtyla, Karol,$d1920-2005$91393 960 $aGiovanni Paolo$bII,$cpapa, b.,$d1920-2005$91393 961 $aINV: 83316 996 $6245$aCon Giovanni Paolo II per le vie del mondo :$bla nuova geografia del papato$9(OLS)http://pul/title/71800 996 $6260$aSoveria Mannelli :$bRubbettino$9(OLS)http://pul/publisher/51639